000 00844nam a22002417a 4500
005 20080711111158.0
008 080711t xxu||||| |||| 00| 0 eng d
010 _aENG-90557
020 _a0070668795
_c365.00
035 _aEN-74090
037 _bDBAD / PUB
040 _aDPL
_bEN
082 _a629.8
100 _aGopal, M.
_953534
245 _aControl systems :
_cby M. Gopal
_bprinciples and design /
250 _a3rd ed
260 _aNew Delhi
_bTata McGraw-Hill Publishing
_c2008
270 _a7 West Patel Nagar
_bNew Delhi
_e110008
300 _axx, 748p.:
_c24cm.(pbk)
_bill.
500 _aincludes index
942 _2ddc
_cEN
_h629.8
_m GOP
999 _c14527
_d14527